[Event "Titled Tuesday 2025.02.25 Late"]
[Site "chess.com INT"]
[Date "2025.02.25"]
[Round "2"]
[White "Playa, M."]
[Black "Mendes, Aaron Reeve"]
[Result "0-1"]
[WhiteElo "2376"]
[BlackElo "2335"]
[PlyCount "82"]
[GameId "2151502157132085"]
[EventDate "2025.02.25"]
[EventType "swiss (blitz)"]
[EventRounds "11"]
[EventCountry "NET"]
[SourceTitle "The Week in Chess 1582"]
[SourceDate "2025.03.03"]
[SourceVersion "1"]
[SourceVersionDate "2025.03.03"]
[SourceQuality "2"]

1. e4 c5 2. Nf3 d6 3. d4 cxd4 4. Nxd4 Nf6 5. Nc3 a6 6. Bg5 Nbd7 7. f4 Qc7 8. Qf3 e6 9. O-O-O Be7 10. g4 h6 11. Bh4 g5 12. fxg5 Ne5 13. Qe2 Nfxg4 14. Kb1 hxg5 15. Bg3 Bd7 16. h3 Nf6 17. Bg2 Nh5 18. Bh2 Nf4 19. Qf2 Nxg2 20. Qxg2 Rc8 21. Rhf1 b5 22. Qf2 Rh7 23. Rde1 b4 24. Nd1 a5 25. Ne3 a4 26. Ng4 a3 27. Nf6+ Bxf6 28. Qxf6 axb2 29. Qxg5 Ng6 30. Rxf7 Rxf7 31. Qxg6 Qc4 32. Qg8+ Ke7 33. Qg5+ Ke8 34. Bxd6 Ba4 35. Qg8+ Kd7 36. Qxf7+ Kxd6 37. Qf4+ e5 38. Qf6+ Kd7 39. Qf5+ Kc7 40. Qxe5+ Kb6 41. Qd6+ Ka7 0-1

[Event "Titled Tuesday 2025.02.25 Late"]
[Site "chess.com INT"]
[Date "2025.02.25"]
[Round "3"]
[White "Mendes, Aaron Reeve"]
[Black "Sjugirov, S."]
[Result "0-1"]
[WhiteElo "2335"]
[BlackElo "2643"]
[PlyCount "50"]
[GameId "2151502157205925"]
[EventDate "2025.02.25"]
[EventType "swiss (blitz)"]
[EventRounds "11"]
[EventCountry "NET"]
[SourceTitle "The Week in Chess 1582"]
[SourceDate "2025.03.03"]
[SourceVersion "1"]
[SourceVersionDate "2025.03.03"]
[SourceQuality "2"]

1. Nf3 g6 2. d4 Bg7 3. e4 d6 4. h3 a6 5. c3 Nf6 6. Bd3 O-O 7. Bf4 b6 8. Qe2 Bb7 9. Nbd2 Nbd7 10. O-O-O c5 11. Kb1 b5 12. h4 b4 13. cxb4 cxd4 14. h5 Nxh5 15. Rxh5 gxh5 16. Rh1 a5 17. Rxh5 Nf6 18. Rh1 axb4 19. e5 dxe5 20. Bxe5 h6 21. Nxd4 Bd5 22. b3 Qa5 23. Nc4 Bxc4 24. Bxc4 Ne4 25. Nc6 Qxe5 0-1

[Event "Titled Tuesday 2025.02.25 Late"]
[Site "chess.com INT"]
[Date "2025.02.25"]
[Round "4"]
[White "Shafer, Logan C"]
[Black "Mendes, Aaron Reeve"]
[Result "1-0"]
[WhiteElo "2162"]
[BlackElo "2335"]
[PlyCount "93"]
[GameId "2151502157353611"]
[EventDate "2025.02.25"]
[EventType "swiss (blitz)"]
[EventRounds "11"]
[EventCountry "NET"]
[SourceTitle "The Week in Chess 1582"]
[SourceDate "2025.03.03"]
[SourceVersion "1"]
[SourceVersionDate "2025.03.03"]
[SourceQuality "2"]

1. e4 c5 2. Nc3 d6 3. d4 cxd4 4. Qxd4 Nc6 5. Qd2 g6 6. b3 Bh6 7. f4 f5 8. Bb2 Nf6 9. O-O-O Rf8 10. exf5 Bxf5 11. Nf3 Qc7 12. Bd3 Bxd3 13. cxd3 Rc8 14. Kb1 a6 15. g3 Kf7 16. Ne4 Nxe4 17. dxe4 Qd7 18. Qd5+ Qe6 19. Qxe6+ Kxe6 20. Rhe1 Rc7 21. e5 d5 22. Bd4 Rfc8 23. Bb6 Rd7 24. h4 Nb4 25. Nd4+ Kf7 26. e6+ Ke8 27. exd7+ Kxd7 28. a3 Nc6 29. Nxc6 bxc6 30. Bc5 e6 31. b4 Rb8 32. Ka2 Bg7 33. Kb3 a5 34. Re2 axb4 35. axb4 e5 36. fxe5 Ke6 37. Ra1 d4 38. Ra7 Bh6 39. Re7+ Kf5 40. Bxd4 Bf8 41. Rf7+ Ke6 42. Rf6+ Kd5 43. Bc3 c5 44. e6 cxb4 45. Re5+ Kc6 46. e7+ Kc7 47. exf8=Q 1-0

[Event "Titled Tuesday 2025.02.25 Late"]
[Site "chess.com INT"]
[Date "2025.02.25"]
[Round "5"]
[White "Mendes, Aaron Reeve"]
[Black "Rees, I."]
[Result "1-0"]
[WhiteElo "2335"]
[BlackElo "2277"]
[PlyCount "57"]
[GameId "2151502157480796"]
[EventDate "2025.02.25"]
[EventType "swiss (blitz)"]
[EventRounds "11"]
[EventCountry "NET"]
[SourceTitle "The Week in Chess 1582"]
[SourceDate "2025.03.03"]
[SourceVersion "1"]
[SourceVersionDate "2025.03.03"]
[SourceQuality "2"]

1. Nf3 Nf6 2. b3 d5 3. Bb2 Bf5 4. e3 e6 5. Be2 h6 6. O-O Be7 7. c4 c6 8. Nc3 O-O 9. Rc1 Nbd7 10. a3 a5 11. d4 Ne4 12. Nxe4 Bxe4 13. Nd2 Bh7 14. c5 b6 15. b4 axb4 16. axb4 bxc5 17. bxc5 Ra2 18. Qb3 Qa8 19. Ra1 Rxa1 20. Rxa1 Qb8 21. Qxb8 Rxb8 22. Bc3 Kf8 23. Ra7 Ke8 24. Rc7 Ra8 25. Rxc6 Ra3 26. Bb4 Ra1+ 27. Nf1 Bc2 28. Rc8+ Bd8 29. c6 1-0

[Event "Titled Tuesday 2025.02.25 Late"]
[Site "chess.com INT"]
[Date "2025.02.25"]
[Round "6"]
[White "Decker, Thomas"]
[Black "Mendes, Aaron Reeve"]
[Result "0-1"]
[WhiteElo "2299"]
[BlackElo "2335"]
[PlyCount "76"]
[GameId "2151502157681757"]
[EventDate "2025.02.25"]
[EventType "swiss (blitz)"]
[EventRounds "11"]
[EventCountry "NET"]
[SourceTitle "The Week in Chess 1582"]
[SourceDate "2025.03.03"]
[SourceVersion "1"]
[SourceVersionDate "2025.03.03"]
[SourceQuality "2"]

1. d4 d5 2. c4 c6 3. Nc3 Nf6 4. Nf3 dxc4 5. Ne5 Nbd7 6. Nxc4 Nb6 7. Ne5 Bf5 8. h4 h6 9. f3 Nfd7 10. e4 Bh7 11. Nxd7 Qxd7 12. Be3 e6 13. Bd3 Be7 14. Qe2 O-O 15. g4 f5 16. O-O-O f4 17. Bf2 a5 18. d5 Qc7 19. dxe6 Rad8 20. g5 h5 21. Kb1 Bb4 22. Rhg1 Bg6 23. e5 Rxd3 24. Rxd3 Bxc3 25. bxc3 Rd8 26. Rgd1 Rxd3 27. Rxd3 Qd8 28. Bxb6 Bxd3+ 29. Kc1 Qd5 30. e7 Kf7 31. Qd2 Qxf3 32. Bc5 Ke8 33. e6 Qe4 34. Qf2 Qa4 35. Kb2 Qb5+ 36. Ka3 Qc4 37. Qd4 Qxd4 38. Bxd4 f3 0-1

[Event "Titled Tuesday 2025.02.25 Late"]
[Site "chess.com INT"]
[Date "2025.02.25"]
[Round "7"]
[White "Baskakov, Egor"]
[Black "Mendes, Aaron Reeve"]
[Result "1-0"]
[WhiteElo "2215"]
[BlackElo "2335"]
[PlyCount "114"]
[GameId "2151502157833564"]
[EventDate "2025.02.25"]
[EventType "swiss (blitz)"]
[EventRounds "11"]
[EventCountry "NET"]
[SourceTitle "The Week in Chess 1582"]
[SourceDate "2025.03.03"]
[SourceVersion "1"]
[SourceVersionDate "2025.03.03"]
[SourceQuality "2"]

1. e4 c5 2. Nf3 d6 3. d4 cxd4 4. Nxd4 Nf6 5. Nc3 a6 6. a4 e5 7. Nde2 Be6 8. g3 Be7 9. Bg2 O-O 10. h3 h6 11. O-O Nbd7 12. a5 Rc8 13. Be3 Qc7 14. b3 Rfd8 15. Ra2 Nf8 16. g4 Ng6 17. Nd5 Bxd5 18. exd5 Nh7 19. Bb6 Qd7 20. Bxd8 Qxd8 21. c4 Bg5 22. Be4 Nhf8 23. Qd3 Bf4 24. b4 Qh4 25. Rc2 h5 26. Bf5 Rd8 27. Qf3 Nh7 28. gxh5 Ng5 29. Qg4 Qxg4+ 30. Bxg4 Nh4 31. Nxf4 exf4 32. Kh2 f5 33. Bd1 Kf7 34. Rc3 Rh8 35. c5 Ne4 36. Rd3 dxc5 37. bxc5 Nxc5 38. Rc3 Ne4 39. Rc7+ Kf6 40. Rxb7 f3 41. Rb6+ Ke5 42. Rxa6 Rxh5 43. Re6+ Kf4 44. d6 Ng5 45. Rg6 Nxg6 46. d7 Rh8 47. Re1 Nxh3 48. Re8 Rh5 49. d8=Q Nxf2+ 50. Kg1 Kg3 51. Bxf3 Kxf3 52. Qd5+ Ne4 53. Qd1+ Ke3 54. Qxh5 Nf4 55. Qxf5 Ne2+ 56. Kh2 N2g3 57. Rxe4+ Nxe4 1-0

[Event "Titled Tuesday 2025.02.25 Late"]
[Site "chess.com INT"]
[Date "2025.02.25"]
[Round "8"]
[White "Mendes, Aaron Reeve"]
[Black "Kotyk, Michael"]
[Result "1-0"]
[WhiteElo "2335"]
[BlackElo "2222"]
[PlyCount "101"]
[GameId "2151502157932043"]
[EventDate "2025.02.25"]
[EventType "swiss (blitz)"]
[EventRounds "11"]
[EventCountry "NET"]
[SourceTitle "The Week in Chess 1582"]
[SourceDate "2025.03.03"]
[SourceVersion "1"]
[SourceVersionDate "2025.03.03"]
[SourceQuality "2"]

1. Nf3 d5 2. b3 Nf6 3. Bb2 e6 4. e3 Bd6 5. Be2 O-O 6. c4 Re8 7. O-O dxc4 8. Bxc4 Nc6 9. Nc3 e5 10. Qb1 h6 11. Ne4 Bf5 12. Bd3 Bg4 13. Nxf6+ Qxf6 14. Be4 Rad8 15. Bc3 Qe6 16. h3 Bh5 17. Nh2 Rf8 18. Bd3 Kh8 19. Bc4 Qd7 20. b4 Bg6 21. Qb2 f6 22. b5 Ne7 23. Rfe1 Bc5 24. Rad1 Nf5 25. Nf1 Bb6 26. a4 a5 27. bxa6 bxa6 28. Bxa6 Nd6 29. a5 Ra8 30. axb6 Rxa6 31. bxc7 Bd3 32. Bb4 Qxc7 33. Qc3 Qc4 34. Qxc4 Bxc4 35. d3 Bb3 36. Rb1 Bc2 37. Rbc1 Bxd3 38. Red1 Bxf1 39. Rxd6 Rxd6 40. Bxd6 Rd8 41. Bc7 Rc8 42. Kxf1 Kg8 43. Rc3 Kf7 44. Ba5 Ra8 45. Rc7+ Kg6 46. Be1 Ra1 47. e4 h5 48. f3 Ra2 49. Bb4 Rb2 50. Bf8 Rb7 51. Rxb7 1-0

[Event "Titled Tuesday 2025.02.25 Late"]
[Site "chess.com INT"]
[Date "2025.02.25"]
[Round "9"]
[White "Mendes, Aaron Reeve"]
[Black "Dreev, A."]
[Result "1-0"]
[WhiteElo "2335"]
[BlackElo "2590"]
[PlyCount "109"]
[GameId "2151502158030514"]
[EventDate "2025.02.25"]
[EventType "swiss (blitz)"]
[EventRounds "11"]
[EventCountry "NET"]
[SourceTitle "The Week in Chess 1582"]
[SourceDate "2025.03.03"]
[SourceVersion "1"]
[SourceVersionDate "2025.03.03"]
[SourceQuality "2"]

1. Nf3 Nf6 2. e3 g6 3. b3 Bg7 4. Bb2 O-O 5. Be2 d6 6. d4 b6 7. Nbd2 Bb7 8. O-O Nbd7 9. c4 e5 10. h3 e4 11. Ne1 c6 12. Nc2 Re8 13. Nb1 d5 14. Nc3 Nf8 15. g3 Ne6 16. Kg2 h5 17. h4 Qd7 18. Nb4 a6 19. Rc1 Bh6 20. Na4 Qd8 21. Ba3 a5 22. Nc2 Ng7 23. cxd5 Nxd5 24. Ra1 Nf5 25. Bc1 Re6 26. Bd2 Qe7 27. Nc3 Nf6 28. Rb1 b5 29. b4 a4 30. d5 Rd6 31. dxc6 Bxc6 32. Qe1 Qe5 33. Nd4 Nxd4 34. exd4 e3+ 35. Kh2 exd2 36. dxe5 dxe1=Q 37. Rbxe1 Ng4+ 38. Bxg4 Rd3 39. Ne4 Bxe4 40. Rxe4 hxg4 41. Rxg4 Re8 42. f4 Rd2+ 43. Kh3 Rxa2 44. h5 Kh7 45. hxg6+ fxg6 46. Rc1 Re7 47. Rc6 Rg7 48. Rb6 a3 49. Rxb5 Rc7 50. Rb6 Rb2 51. Rgxg6 Bg7 52. Ra6 a2 53. Rg5 Kg8 54. e6 Kf8 55. Ra8+ 1-0

[Event "Titled Tuesday 2025.02.25 Late"]
[Site "chess.com INT"]
[Date "2025.02.25"]
[Round "10"]
[White "Pyrih, Roman"]
[Black "Mendes, Aaron Reeve"]
[Result "1-0"]
[WhiteElo "2414"]
[BlackElo "2335"]
[PlyCount "63"]
[GameId "2151502158063332"]
[EventDate "2025.02.25"]
[EventType "swiss (blitz)"]
[EventRounds "11"]
[EventCountry "NET"]
[SourceTitle "The Week in Chess 1582"]
[SourceDate "2025.03.03"]
[SourceVersion "1"]
[SourceVersionDate "2025.03.03"]
[SourceQuality "2"]

1. e4 c5 2. Nf3 d6 3. d4 cxd4 4. Nxd4 Nf6 5. Nc3 a6 6. h3 g6 7. Be3 Bg7 8. Qd2 O-O 9. a4 b6 10. Bc4 Bb7 11. f3 Nc6 12. Nxc6 Bxc6 13. Bb3 Nd7 14. Bh6 Rc8 15. h4 e6 16. Bxg7 Kxg7 17. h5 Qf6 18. hxg6 Qxg6 19. O-O-O Nc5 20. Rh4 h5 21. Rdh1 Rh8 22. Kb1 Rcd8 23. Ka2 b5 24. a5 b4 25. Ne2 Nxb3 26. cxb3 e5 27. R1h3 Kf8 28. g4 Ke7 29. Rxh5 Rxh5 30. Rxh5 Rb8 31. Ng3 Bd7 32. Rh6 1-0

[Event "Titled Tuesday 2025.02.25 Late"]
[Site "chess.com INT"]
[Date "2025.02.25"]
[Round "11"]
[White "Mendes, Aaron Reeve"]
[Black "Ryabukhin, Roman"]
[Result "1-0"]
[WhiteElo "2335"]
[BlackElo "2209"]
[PlyCount "67"]
[GameId "2151502158149486"]
[EventDate "2025.02.25"]
[EventType "swiss (blitz)"]
[EventRounds "11"]
[EventCountry "NET"]
[SourceTitle "The Week in Chess 1582"]
[SourceDate "2025.03.03"]
[SourceVersion "1"]
[SourceVersionDate "2025.03.03"]
[SourceQuality "2"]

1. e4 c5 2. Nf3 Nc6 3. Bb5 g6 4. O-O Bg7 5. Bxc6 dxc6 6. d3 e5 7. h3 Qe7 8. Be3 b6 9. Qd2 h6 10. Nc3 Nf6 11. Nh2 g5 12. a3 O-O 13. b4 cxb4 14. axb4 Be6 15. Ne2 Rfd8 16. Ng3 Ne8 17. Nh5 Bh8 18. h4 f6 19. hxg5 fxg5 20. Ra3 Nd6 21. Rfa1 Nc4 22. Qc3 Nxa3 23. Rxa3 Qf7 24. Ng3 Rdc8 25. Nf3 Qc7 26. d4 exd4 27. Bxd4 Bxd4 28. Nxd4 Bd7 29. Ndf5 Bxf5 30. Nxf5 Kh7 31. Qf6 h5 32. Qh6+ Kg8 33. Qxg5+ Kf8 34. Rg3 1-0

[Event "Titled Tuesday 2025.03.18 Late"]
[Site "Chess.com INT"]
[Date "2025.03.18"]
[Round "1"]
[White "Gao, Raymond"]
[Black "Mendes, Aaron Reeve"]
[Result "1-0"]
[WhiteElo "2006"]
[BlackElo "2334"]
[PlyCount "173"]
[GameId "2159106791457397"]
[EventDate "2025.03.18"]
[EventType "swiss (blitz)"]
[EventRounds "11"]
[EventCountry "NET"]
[SourceTitle "Mega2025 Update 21"]
[Source "Chessbase"]
[SourceDate "2025.03.29"]
[SourceVersion "1"]
[SourceVersionDate "2025.03.29"]
[SourceQuality "1"]

1. h4 e5 2. c4 c6 3. d4 e4 4. Nc3 d5 5. Nh3 Bxh3 6. Rxh3 h6 7. Qb3 Nf6 8. Bf4 Qd7 9. Be5 Be7 10. cxd5 cxd5 11. Bxf6 Bxf6 12. Nxd5 Bd8 13. e3 O-O 14. Nc3 Nc6 15. Bb5 Qg4 16. Kf1 Bxh4 17. Be2 Qg5 18. g3 Kh7 19. Rxh4 f5 20. Nd5 Qd8 21. Nf4 Qf6 22. Qe6 g5 23. Qxf6 Rxf6 24. Nh5 Rd6 25. Rh1 Rc8 26. Rc1 Ne7 27. Kg2 Rdc6 28. Rxc6 Rxc6 29. Bd1 Kg6 30. g4 Rc1 31. Bb3 Rc8 32. Ng3 fxg4 33. Rd1 h5 34. Nxe4 h4 35. Rd2 Rc7 36. Rc2 Rd7 37. Nc5 h3+ 38. Kh2 Rc7 39. Rc3 Nf5 40. Bc2 Re7 41. Nd3 Kf6 42. Ne5 Nh6 43. Rc8 Rh7 44. Rf8+ Ke7 45. Bxh7 Kxf8 46. Be4 b6 47. f3 gxf3 48. Bxf3 Nf5 49. Ng4 Nh4 50. Bh1 Ke7 51. Kxh3 Kd6 52. e4 Ng6 53. e5+ Ke6 54. Kg3 Nf4 55. Be4 Ne2+ 56. Kf3 Nxd4+ 57. Ke3 Nb5 58. Bd3 Nc7 59. Bc4+ Ke7 60. Ke4 b5 61. Bb3 Na6 62. Ne3 Nc5+ 63. Kd5 Nd3 64. Nf5+ Ke8 65. e6 Nxb2 66. Kd6 Nc4+ 67. Bxc4 bxc4 68. e7 c3 69. Ng7+ Kf7 70. e8=Q+ Kxg7 71. Qe5+ Kg6 72. Qxc3 Kh6 73. Qe1 Kh5 74. Qg1 Kg6 75. Qg2 Kf5 76. Qg1 g4 77. Qe3 g3 78. Qg1 Kg4 79. Kc6 Kf3 80. Kb7 g2 81. Kxa7 Ke2 82. Kb6 Kd2 83. a4 Kc2 84. a5 Kb2 85. a6 Ka2 86. a7 Kb2 87. a8=Q 1-0

[Event "Titled Tuesday 2025.03.18 Late"]
[Site "Chess.com INT"]
[Date "2025.03.18"]
[Round "2"]
[White "Mendes, Aaron Reeve"]
[Black "Calvo Gonzalez, Jose Felix"]
[Result "0-1"]
[WhiteElo "2334"]
[BlackElo "2198"]
[PlyCount "110"]
[GameId "2159106791527207"]
[EventDate "2025.03.18"]
[EventType "swiss (blitz)"]
[EventRounds "11"]
[EventCountry "NET"]
[SourceTitle "Mega2025 Update 21"]
[Source "Chessbase"]
[SourceDate "2025.03.29"]
[SourceVersion "1"]
[SourceVersionDate "2025.03.29"]
[SourceQuality "1"]

1. e4 e5 2. Nf3 Nc6 3. d4 exd4 4. Nxd4 Bb4+ 5. c3 Bc5 6. Nb3 Bb6 7. c4 Nf6 8. c5 Ba5+ 9. Nxa5 Nxa5 10. e5 Qe7 11. Qe2 Nd5 12. Bd2 Nc6 13. Nc3 Nxc3 14. Bxc3 Qxc5 15. O-O-O O-O 16. f4 d5 17. exd6 cxd6 18. Qf3 Nb4 19. a3 Na2+ 20. Kb1 Nxc3+ 21. Qxc3 Bf5+ 22. Ka1 Qxc3 23. bxc3 Rac8 24. Kb2 Rc6 25. Bd3 Bxd3 26. Rxd3 Re8 27. Rd2 f5 28. Rc1 Kf7 29. g3 Re4 30. Rcc2 Ke6 31. Rd3 g6 32. Rcd2 Rb6+ 33. Ka2 Rc6 34. Kb3 Rb6+ 35. Kc2 Ra6 36. Kb2 Rea4 37. Re2+ Kd7 38. c4 Rxc4 39. Rde3 Rb6+ 40. Ka2 Re4 41. Rxe4 fxe4 42. Rxe4 d5 43. Re5 Kd6 44. g4 Kc5 45. Re7 d4 46. Rxh7 d3 47. Rd7 Kc4 48. h4 Kc3 49. Rc7+ Kd4 50. Rd7+ Ke3 51. f5 gxf5 52. gxf5 d2 53. h5 Ke2 54. Re7+ Kd1 55. Rd7 Kc1 0-1

[Event "Titled Tuesday 2025.03.18 Late"]
[Site "Chess.com INT"]
[Date "2025.03.18"]
[Round "3"]
[White "Araujo Filho, Luiz Antonio"]
[Black "Mendes, Aaron Reeve"]
[Result "0-1"]
[WhiteElo "2077"]
[BlackElo "2334"]
[PlyCount "76"]
[GameId "2159106791555954"]
[EventDate "2025.03.18"]
[EventType "swiss (blitz)"]
[EventRounds "11"]
[EventCountry "NET"]
[SourceTitle "Mega2025 Update 21"]
[Source "Chessbase"]
[SourceDate "2025.03.29"]
[SourceVersion "1"]
[SourceVersionDate "2025.03.29"]
[SourceQuality "1"]

1. d4 d5 2. Nf3 Nf6 3. e3 g6 4. Be2 Bg7 5. b3 O-O 6. Bb2 b6 7. O-O Bb7 8. c4 dxc4 9. bxc4 Nbd7 10. Nbd2 e6 11. Ba3 Re8 12. c5 bxc5 13. dxc5 Nd5 14. Nd4 Nc3 15. Qe1 Nf8 16. c6 Bc8 17. N2f3 Nxe2+ 18. Qxe2 a5 19. Rfd1 Ba6 20. Qc2 Qc8 21. Rab1 a4 22. Nb5 Bxb5 23. Rxb5 Rd8 24. Rb7 Ra6 25. Rxd8 Qxd8 26. h3 e5 27. Qc4 Ra8 28. Bxf8 Kxf8 29. Qc5+ Kg8 30. Nxe5 Qd1+ 31. Kh2 Re8 32. Nf3 Qe2 33. Rxc7 Qxf2 34. Re7 Rxe7 35. Qxe7 Bf8 36. Qe5 Qc2 37. c7 Qc6 38. Nd4 Qd7 0-1

[Event "Titled Tuesday 2025.03.18 Late"]
[Site "Chess.com INT"]
[Date "2025.03.18"]
[Round "4"]
[White "Mendes, Aaron Reeve"]
[Black "Cahuapaza Tarapaca, Leonardo"]
[Result "1-0"]
[WhiteElo "2334"]
[BlackElo "2045"]
[PlyCount "97"]
[GameId "2159106791646291"]
[EventDate "2025.03.18"]
[EventType "swiss (blitz)"]
[EventRounds "11"]
[EventCountry "NET"]
[SourceTitle "Mega2025 Update 21"]
[Source "Chessbase"]
[SourceDate "2025.03.29"]
[SourceVersion "1"]
[SourceVersionDate "2025.03.29"]
[SourceQuality "1"]

1. Nf3 d5 2. b3 Bf5 3. Bb2 e6 4. g3 Nf6 5. Bg2 Be7 6. O-O h6 7. c4 c6 8. Nc3 O-O 9. Rc1 Nbd7 10. d3 Bh7 11. a3 a5 12. Nd2 d4 13. Nce4 e5 14. Nxf6+ Nxf6 15. Nf3 Bd6 16. Ra1 c5 17. b4 b6 18. bxc5 bxc5 19. a4 Rb8 20. Ba3 e4 21. Ne1 Qe7 22. Qd2 Ng4 23. dxe4 Ne5 24. Qc2 Qe6 25. Rc1 Nc6 26. Nd3 Nb4 27. Bxb4 axb4 28. f3 f5 29. e5 Be7 30. f4 Qa6 31. Qb3 Bg6 32. Bd5+ Bf7 33. Bxf7+ Rxf7 34. Ra1 Bf8 35. a5 Ra7 36. Ra4 Rba8 37. Rfa1 Qc6 38. Nb2 Be7 39. Qd3 Qe6 40. Qf3 Bd8 41. a6 Kh7 42. Qd5 Qb6 43. e6 g6 44. Nd3 Be7 45. Ne5 Rd8 46. Nd7 Qd6 47. Ra5 Rc8 48. Rb5 Rac7 49. a7 1-0

[Event "Titled Tuesday 2025.03.18 Late"]
[Site "Chess.com INT"]
[Date "2025.03.18"]
[Round "5"]
[White "Nguyen, Hong Nhung"]
[Black "Mendes, Aaron Reeve"]
[Result "0-1"]
[WhiteElo "2195"]
[BlackElo "2334"]
[PlyCount "114"]
[GameId "2159106791728428"]
[EventDate "2025.03.18"]
[EventType "swiss (blitz)"]
[EventRounds "11"]
[EventCountry "NET"]
[SourceTitle "Mega2025 Update 21"]
[Source "Chessbase"]
[SourceDate "2025.03.29"]
[SourceVersion "1"]
[SourceVersionDate "2025.03.29"]
[SourceQuality "1"]

1. e4 c5 2. Nc3 Nc6 3. Bb5 Nd4 4. Bc4 g6 5. Nf3 Bg7 6. Nxd4 cxd4 7. Qf3 e6 8. Nb5 d6 9. Qa3 Ke7 10. c3 dxc3 11. dxc3 a6 12. Nd4 Qc7 13. Bb3 Qc5 14. Qa4 Bd7 15. Qc4 Qxc4 16. Bxc4 Nf6 17. f3 b5 18. Be2 h6 19. O-O Rhc8 20. Be3 Rab8 21. a3 a5 22. Rfd1 b4 23. axb4 axb4 24. c4 Rb7 25. b3 Ne8 26. Ra6 d5 27. exd5 exd5 28. cxd5 Rc3 29. Bf2 Nd6 30. Nc6+ Bxc6 31. dxc6 Rc7 32. Bg3 Ne8 33. Bxc7 Nxc7 34. Rd7+ Ke6 35. Bc4+ Rxc4 36. bxc4 Nxa6 37. Rb7 b3 38. Rxb3 Kd6 39. Rb7 Nc7 40. Kf1 Kxc6 41. Ra7 Bd4 42. Ra5 Bb6 43. Re5 Ne6 44. g3 h5 45. Kg2 Bc7 46. Rd5 Nc5 47. Rd2 Nd7 48. Re2 Ne5 49. Rc2 Kc5 50. Rc1 Nxc4 51. Rd1 Ne3+ 52. Kh3 Nxd1 53. f4 Nf2+ 54. Kh4 Ne4 55. g4 Bd8+ 56. Kh3 Nf2+ 57. Kg3 Nxg4 0-1

[Event "Titled Tuesday 2025.03.18 Late"]
[Site "Chess.com INT"]
[Date "2025.03.18"]
[Round "6"]
[White "Mendes, Aaron Reeve"]
[Black "Atis, Hasan"]
[Result "0-1"]
[WhiteElo "2334"]
[BlackElo "2088"]
[PlyCount "130"]
[GameId "2159106791802349"]
[EventDate "2025.03.18"]
[EventType "swiss (blitz)"]
[EventRounds "11"]
[EventCountry "NET"]
[SourceTitle "Mega2025 Update 21"]
[Source "Chessbase"]
[SourceDate "2025.03.29"]
[SourceVersion "1"]
[SourceVersionDate "2025.03.29"]
[SourceQuality "1"]

1. Nf3 d5 2. b3 Bg4 3. Ne5 Bh5 4. Bb2 Nd7 5. d3 e6 6. Nd2 Ngf6 7. g3 Bd6 8. Nxd7 Qxd7 9. Bg2 c6 10. O-O O-O 11. c4 e5 12. cxd5 cxd5 13. Nf3 Rfe8 14. Qd2 Rac8 15. Rac1 Qb5 16. Rxc8 Rxc8 17. Nxe5 Bb4 18. Qg5 Bc3 19. Rc1 d4 20. Qf5 Rc5 21. Bxc3 Rxe5 22. Qc8+ Re8 23. Bxd4 Rxc8 24. Rxc8+ Ne8 25. Bc6 Qxc6 26. Rxc6 bxc6 27. f3 a6 28. Kf2 f6 29. Ke3 Kf7 30. Kd2 Ke6 31. Kc3 Kd7 32. Kb4 Kc7 33. Bc5 f5 34. Bf8 Bf7 35. Kc5 g6 36. Bh6 Nf6 37. Bf4+ Kd7 38. Kb6 Nd5+ 39. Kxa6 Nb4+ 40. Ka5 Nxa2 41. b4 Nc3 42. e4 Bb3 43. Be5 Nb5 44. exf5 gxf5 45. Kb6 Bc2 46. d4 Bd1 47. f4 Bf3 48. h3 h5 49. Bf6 Nc3 50. Be5 Ne4 51. d5 Nxg3 52. dxc6+ Bxc6 53. b5 Bg2 54. Ka7 Bxh3 55. b6 Bg2 56. b7 Bxb7 57. Kxb7 h4 58. Bd4 h3 59. Bg1 Nf1 60. Kb6 Kd6 61. Kb5 Kd5 62. Kb6 Ke4 63. Kc6 h2 64. Bxh2 Nxh2 65. Kd6 Kxf4 0-1

[Event "Titled Tuesday 2025.03.18 Late"]
[Site "Chess.com INT"]
[Date "2025.03.18"]
[Round "7"]
[White "Mendes, Aaron Reeve"]
[Black "Shevchenko, Danylo"]
[Result "1-0"]
[WhiteElo "2334"]
[BlackElo "2212"]
[PlyCount "61"]
[GameId "2159106791818769"]
[EventDate "2025.03.18"]
[EventType "swiss (blitz)"]
[EventRounds "11"]
[EventCountry "NET"]
[SourceTitle "Mega2025 Update 21"]
[Source "Chessbase"]
[SourceDate "2025.03.29"]
[SourceVersion "1"]
[SourceVersionDate "2025.03.29"]
[SourceQuality "1"]

1. e4 c6 2. Nf3 d6 3. d4 Nd7 4. Bd3 h6 5. O-O g5 6. h3 Bg7 7. c3 e5 8. Be3 Ngf6 9. Nbd2 g4 10. Nh4 gxh3 11. Nf5 hxg2 12. Nxg7+ Kf8 13. Kxg2 Kxg7 14. Rh1 h5 15. Qe2 Nf8 16. Rag1 Ng4 17. Kf1 Ng6 18. Nf3 Nf4 19. Bxf4 exf4 20. e5 Qe7 21. Qe4 Be6 22. Qxf4 Bxa2 23. exd6 Qf6 24. Rxg4+ hxg4 25. Qxg4+ Kf8 26. Rxh8+ Qxh8 27. Ne5 Qh1+ 28. Ke2 Bd5 29. Nd7+ Ke8 30. Nf6+ Kd8 31. Qg8# 1-0

[Event "Titled Tuesday 2025.03.18 Late"]
[Site "Chess.com INT"]
[Date "2025.03.18"]
[Round "9"]
[White "Mendes, Aaron Reeve"]
[Black "Naranjo Moreno, Antonio"]
[Result "0-1"]
[WhiteElo "2334"]
[BlackElo "2269"]
[PlyCount "98"]
[GameId "2159106791954278"]
[EventDate "2025.03.18"]
[EventType "swiss (blitz)"]
[EventRounds "11"]
[EventCountry "NET"]
[SourceTitle "Mega2025 Update 21"]
[Source "Chessbase"]
[SourceDate "2025.03.29"]
[SourceVersion "1"]
[SourceVersionDate "2025.03.29"]
[SourceQuality "1"]

1. Nf3 Nf6 2. b3 g6 3. Bb2 Bg7 4. h4 h6 5. d3 O-O 6. Nbd2 d6 7. c4 Nc6 8. a3 e5 9. g3 Re8 10. Bg2 Bf5 11. O-O Qd7 12. b4 Bh3 13. b5 Nd8 14. Kh2 Bxg2 15. Kxg2 Ne6 16. Rh1 Nh5 17. Qc2 f5 18. Rag1 a6 19. a4 axb5 20. axb5 Ra2 21. Qb3 Rxb2 22. Qxb2 e4 23. Qc2 exf3+ 24. Nxf3 Nf6 25. Ra1 Ng4 26. Ra7 Bd4 27. Rxb7 Bxf2 28. Qc1 Nc5 29. Ra7 Nxd3 30. exd3 Bxa7 31. Re1 Bf2 32. Rxe8+ Qxe8 33. Qb2 Bc5 34. d4 Bb6 35. Qa2 Kh7 36. h5 g5 37. Qb2 Ne3+ 38. Kf2 Nxc4 39. Qb3 d5 40. Qc3 Qxh5 41. Qb4 Qe8 42. Kg2 Qe2+ 43. Kg1 g4 44. Qf8 Qe3+ 45. Kh2 Qf2+ 46. Kh1 Qxf3+ 47. Kg1 Bxd4+ 48. Kh2 Qf2+ 49. Kh1 Qg1# 0-1